000 01311nam a2200313 a 4500
001 000047119
003 DO-SdBNP
005 20251204073703.0
007 ta
008 090903s2017 dr r 000 0 spa d
020 _a9789945477252
040 _aDO-SdBNP
_bspa
_cBNPHU
082 4 _a347.7293077
_bR426p, 2016
_222
110 1 _aRepública Dominicana.
_bSuprema Corte de Justicia
_97906
245 1 0 _aPrincipales sentencias de la Suprema Corte de Justicia :
_baño 2016 /
_ccoordinación general, Mariano Germán Mejía ; compilación, Flavio Villegas .
260 _aSanto Domingo :
_bSuprema Corte de Justicia ,
_c2017.
300 _axx, 736 p. ;
_c24 cm.
500 _aIncluye referencias bibliográficas y notas al pie de las páginas
590 _aInventariado, 2022 / DG
610 1 4 _aRepública Dominicana.
_bSuprema Corte de Justicia
_xCasos
_981889
650 0 _aAdministración de justicia
_zRepública Dominicana
_910083
650 4 _aSentencias
_zRepública Dominicana
_919124
650 4 _aJurisprudencia
_vRecopilaciones, repertorios, etc.
_981890
650 4 _aCosa juzgada
_zRepública Dominicana
_981891
700 1 _aGermán M., Mariano,
_d1946-
_q(Germán Mejía)
_ecoord.
_99311
700 1 _aVillegas, Flavia,
_ecomp.
_975085
910 _aDG/Validado, 2022/MFF
942 _2ddc
_cLBS1
999 _c51901
_d51901